Εξορυκτική δραστηριότητα και περιβάλλον : ορυχεία και αποκατάσταση τοπίου στη Μήλο

Αποθηκεύτηκε σε:
Λεπτομέρειες βιβλιογραφικής εγγραφής
Συγγραφή απο Οργανισμό/Αρχή: Ενιαίο Λύκειο Μήλου. Περιβαλλοντική Ομάδα
Μορφή: Βιβλίο
Γλώσσα:Greek
Δημοσίευση: Μήλος : [χ.ό.], 2000.
Θέματα:
Ετικέτες: Προσθήκη ετικέτας
Δεν υπάρχουν, Καταχωρήστε ετικέτα πρώτοι!

MARC

LEADER 00000cam a2200000 a 4500
001 1/123393
008 210723s2000####gr | ||| |||| ||gre||
040 |a GR-MyUa  |b gre  |c GR-MyUa  |e AACR2 
041 0 |a gre 
082 7 |a 338.20949585   |2 (23) 
245 0 0 |a Εξορυκτική δραστηριότητα και περιβάλλον :   |b ορυχεία και αποκατάσταση τοπίου στη Μήλο /   |c Περιβαλλοντική Ομάδα Ενιαίου Λυκείου Μήλου. 
260 |a Μήλος :   |b [χ.ό.],   |c 2000. 
300 |a 88 σ. :   |b εικ. ;   |c 29 εκ. 
500 |a Εργασία που έγινε στα πλαίσια του προγράμματος Περιβαλλοντικής Εκπαίδευσης του Υπουργείου Παιδέίας (σχολικά έτη 1997-2000). 
504 |a Βιβλιογραφία: σ. 88. 
650 0 |a Mines and mineral resources  |z Greece  |z Melos (Municipality) 
650 0 |a Mines and mineral resources  |x Environmental aspects  |z Greece  |z Melos (Municipality) 
710 2 |a Ενιαίο Λύκειο Μήλου.   |b Περιβαλλοντική Ομάδα. 
852 |a INST  |b SYROS  |c KYK  |e 20210719  |h 338.20949585 ΕΞΟ  |p 005500014084  |q 005500014084  |t BK  |y 0 
970 |a Κοντού  |b Παρασκευή  |z 23/07/2021